[Event "OP-2012-0-02427"]
[Site "LSS email"]
[Date "2012.09.28"]
[Round "?"]
[White "Membri, Alex"]
[Black "Jouanard, Cedric"]
[Result "1-0"]
[WhiteElo "1194"]
[BlackElo "800"]
[PlyCount "33"]
[EventDate "2012.09.25"]
[EventType "tourn (corr)"]
[EventRounds "4"]
[EventCountry "GER"]
[SourceTitle "Corr 2015"]
[Source "ChessBase"]
[SourceDate "2015.07.17"]
[SourceVersion "1"]
[SourceVersionDate "2015.07.17"]
[SourceQuality "1"]

1. f4 d5 2. Nf3 Nf6 3. e3 Nc6 4. d4 e6 5. Be2 Bd7 6. 0-0 Be7 7. Bd2 0-0 8. c4 b6 9. Nc3 h6 10. cxd5 exd5 11. Ne5 a6 12. Bf3 Be8 13. Rc1 b5 14. Nxd5 Nxd5 15. Rxc6 Bxc6 16. Nxc6 Nxe3 17. Bxe3 1-0

[Event "LSS No Engine Cup 22 Preliminary 6"]
[Site "LSS email"]
[Date "2010.05.19"]
[Round "?"]
[White "Fernandez, German"]
[Black "Membri, Alex"]
[Result "1-0"]
[WhiteElo "969"]
[BlackElo "1314"]
[PlyCount "41"]
[EventDate "2010.05.20"]
[EventType "tourn (corr)"]
[EventRounds "6"]
[EventCountry "GER"]
[SourceTitle "Telechess CBM 141"]
[Source "ChessBase"]
[SourceDate "2011.03.17"]
[SourceVersion "1"]
[SourceVersionDate "2011.03.17"]
[SourceQuality "1"]

1. d4 c6 2. c4 d5 3. Nf3 dxc4 4. e3 Nf6 5. Bxc4 e6 6. Nc3 Be7 7. 0-0 0-0 8. e4 Nbd7 9. Bg5 h6 10. Be3 b5 11. Bd3 b4 12. e5 bxc3 13. exf6 Nxf6 14. bxc3 Qc7 15. Ne5 Bd6 16. f4 Nd5 17. Qd2 f6 18. c4 Nxe3 19. Qxe3 c5 20. Ng6 cxd4 21. Qe4 1-0

[Event "LSS No Engine Cup 22 Preliminary 6"]
[Site "LSS email"]
[Date "2010.05.19"]
[Round "?"]
[White "Lauer, Frederic"]
[Black "Membri, Alex"]
[Result "0-1"]
[WhiteElo "1773"]
[BlackElo "1600"]
[PlyCount "48"]
[EventDate "2010.05.20"]
[EventType "tourn (corr)"]
[EventRounds "6"]
[EventCountry "GER"]
[SourceTitle "Corr 2022"]
[Source "ChessBase"]
[SourceDate "2021.10.24"]
[SourceVersion "1"]
[SourceVersionDate "2021.10.24"]
[SourceQuality "1"]

1. e4 c6 2. Nc3 d5 3. Qf3 dxe4 4. Nxe4 Nd7 5. Bc4 Ne5 6. Qe2 Nxc4 7. Qxc4 Qd5 8. Qxd5 cxd5 9. Ng3 Nf6 10. d4 g6 11. Nf3 Bg7 12. Bg5 0-0 13. c3 Nd7 14. 0-0 f6 15. Be3 Nb6 16. Rfe1 Bg4 17. Nd2 e5 18. dxe5 fxe5 19. Bxb6 axb6 20. h3 Bd7 21. Rad1 Rxa2 22. Nc4 Bc6 23. Nxb6 Rxb2 24. Nxd5 Rfxf2 0-1

[Event "LSS No Engine Cup 22 Preliminary 6"]
[Site "LSS email"]
[Date "2010.05.19"]
[Round "?"]
[White "Membri, Alex"]
[Black "Hernandez Sanchez, Agustin Hector"]
[Result "0-1"]
[WhiteElo "1221"]
[BlackElo "706"]
[PlyCount "26"]
[EventDate "2010.05.20"]
[EventType "tourn (corr)"]
[EventRounds "6"]
[EventCountry "GER"]
[SourceTitle "Corr 2015"]
[Source "ChessBase"]
[SourceDate "2015.07.17"]
[SourceVersion "1"]
[SourceVersionDate "2015.07.17"]
[SourceQuality "1"]

1. d4 Nf6 2. c3 g6 3. Nf3 Bg7 4. Bf4 0-0 5. e3 Nc6 6. Bd3 d5 7. Nbd2 Bg4 8. h3 Be6 9. 0-0 a6 10. Qb3 b5 11. a4 Nh5 12. axb5 Nxf4 13. exf4 Qd6 0-1

[Event "LSS BI-2010-P-00029"]
[Site "LSS email"]
[Date "2010.04.19"]
[Round "?"]
[White "Membri, Alex"]
[Black "Shleb, Alex"]
[Result "0-1"]
[WhiteElo "1396"]
[BlackElo "1406"]
[PlyCount "36"]
[EventDate "2010.04.22"]
[EventType "tourn (corr)"]
[EventRounds "10"]
[EventCountry "GER"]
[SourceTitle "Telechess CBM 141"]
[Source "ChessBase"]
[SourceDate "2011.03.17"]
[SourceVersion "1"]
[SourceVersionDate "2011.03.17"]
[SourceQuality "1"]

1. d4 Nf6 2. c3 d5 3. e3 Bf5 4. Nf3 Nc6 5. Bb5 g6 6. Bxc6+ bxc6 7. Ne5 Qd6 8. Qa4 Bd7 9. Qa5 c5 10. Qxc5 Qxc5 11. dxc5 Ne4 12. c6 Bc8 13. 0-0 Bg7 14. Nd3 Ba6 15. Rd1 e6 16. f3 Bxd3 17. Rxd3 Nc5 18. Rd1 Na4 0-1

[Event "OP-2010-0-01122"]
[Site "LSS email"]
[Date "2010.03.27"]
[Round "?"]
[White "Brenner, Renald"]
[Black "Membri, Alex"]
[Result "1-0"]
[WhiteElo "984"]
[BlackElo "1292"]
[PlyCount "57"]
[EventDate "2010.03.20"]
[EventType "tourn (corr)"]
[EventRounds "4"]
[EventCountry "GER"]
[SourceTitle "Telechess CBM 141"]
[Source "ChessBase"]
[SourceDate "2011.03.17"]
[SourceVersion "1"]
[SourceVersionDate "2011.03.17"]
[SourceQuality "1"]

1. e4 c6 2. d4 d5 3. exd5 cxd5 4. c4 Nf6 5. Nc3 Nc6 6. Nf3 Bg4 7. Be2 dxc4 8. d5 Bxf3 9. Bxf3 Ne5 10. 0-0 Qa5 11. Be2 Rd8 12. Qd4 Nc6 13. Qxc4 Nxd5 14. Nxd5 Qxd5 15. Qa4 e6 16. Bf3 Qd7 17. Rd1 Bd6 18. Bf4 e5 19. Bg5 Nd4 20. Rxd4 exd4 21. Qxa7 f6 22. Re1+ Kf7 23. Bd2 Rhe8 24. Rxe8 Rxe8 25. Bd5+ Kf8 26. Qxd4 Re5 27. Be4 f5 28. Bd3 Re1+ 29. Bxe1 1-0

[Event "OP-2010-0-01057"]
[Site "LSS email"]
[Date "2010.01.21"]
[Round "?"]
[White "Membri, Alex"]
[Black "Youngs, Russell"]
[Result "1-0"]
[WhiteElo "1421"]
[BlackElo "921"]
[PlyCount "63"]
[EventDate "2010.01.18"]
[EventType "tourn (corr)"]
[EventRounds "4"]
[EventCountry "GER"]
[SourceTitle "Corr 2013"]
[Source "ChessBase"]
[SourceDate "2012.11.12"]
[SourceVersion "1"]
[SourceVersionDate "2012.11.12"]
[SourceQuality "1"]

1. d4 Nf6 2. c3 d5 3. Bf4 e6 4. Nf3 Bd6 5. e3 0-0 6. Be2 Bxf4 7. exf4 Qd6 8. g3 Qb6 9. b4 Bd7 10. a4 Ne4 11. Qc2 c6 12. a5 Qd8 13. Nbd2 Nxd2 14. Nxd2 e5 15. fxe5 Bh3 16. f4 Bg2 17. Rg1 Bh3 18. g4 Qh4+ 19. Rg3 Bg2 20. Bd3 Qxh2 21. Nf1 Qh6 22. g5 Qh4 23. Qxg2 Qxf4 24. Rg4 Qxg4 25. Qxg4 Rd8 26. Kd2 Nd7 27. e6 f5 28. Qxf5 g6 29. Qf7+ Kh8 30. Bxg6 hxg6 31. Ne3 Rf8 32. Rh1# 1-0

[Event "OP-2010-0-01057"]
[Site "LSS email"]
[Date "2010.01.21"]
[Round "?"]
[White "Potapov, Evgeniy M"]
[Black "Membri, Alex"]
[Result "0-1"]
[WhiteElo "1804"]
[BlackElo "1445"]
[PlyCount "80"]
[EventDate "2010.01.18"]
[EventType "tourn (corr)"]
[EventRounds "4"]
[EventCountry "GER"]
[SourceTitle "Telechess CBM 141"]
[Source "ChessBase"]
[SourceDate "2011.03.17"]
[SourceVersion "1"]
[SourceVersionDate "2011.03.17"]
[SourceQuality "1"]

1. Nf3 c6 2. d4 d5 3. c4 dxc4 4. e3 Be6 5. Nc3 b5 6. a4 b4 7. Nb1 Nf6 8. Be2 Qa5 9. Bd2 Nbd7 10. Qc2 Rc8 11. 0-0 Bd5 12. Ne5 Nxe5 13. dxe5 Ne4 14. e6 Qc5 15. exf7+ Kxf7 16. Be1 g6 17. Nd2 Nxd2 18. Bxd2 Bg7 19. a5 Rhd8 20. Ra4 Rb8 21. e4 Be6 22. Bf4 Rb7 23. Be3 Bd4 24. Rd1 Rbd7 25. Rxd4 Rxd4 26. Ra1 Qe5 27. Bxd4 Rxd4 28. Bf3 Qd6 29. Qe2 Rd2 30. Qe3 Rxb2 31. Rd1 Qb8 32. Qh6 Kg8 33. Qg5 Qc7 34. Bh5 Bf7 35. e5 c3 36. e6 Be8 37. Rf1 c2 38. Bf3 Rb1 39. Be4 c1Q 40. Rxc1 Qe5 0-1

[Event "LSS OP-2009-0-01001"]
[Site "LSS email"]
[Date "2009.11.22"]
[Round "?"]
[White "Membri, Alex"]
[Black "Ottenweller, Wolfgang"]
[Result "1-0"]
[WhiteElo "800"]
[BlackElo "1675"]
[PlyCount "79"]
[EventDate "2009.11.16"]
[EventType "tourn (corr)"]
[EventRounds "4"]
[EventCountry "GER"]
[SourceTitle "Corr 2013"]
[Source "ChessBase"]
[SourceDate "2012.11.12"]
[SourceVersion "1"]
[SourceVersionDate "2012.11.12"]
[SourceQuality "1"]

1. d4 Nf6 2. c4 e5 3. dxe5 Ng4 4. Bf4 Nc6 5. Nf3 Bb4+ 6. Nc3 Qe7 7. Qd5 f6 8. exf6 Nxf6 9. Qd3 Ne4 10. Nd2 0-0 11. Qd5+ Kh8 12. Qxe4 Qxe4 13. Ncxe4 Rxf4 14. f3 b6 15. e3 Rf7 16. a3 Be7 17. 0-0-0 d6 18. f4 g6 19. Be2 Kg7 20. h4 h5 21. Rdg1 Bd7 22. g4 Kh6 23. gxh5 gxh5 24. Ng5 Rg7 25. Nde4 Rf8 26. Ng3 Bd8 27. Kd2 Re7 28. b4 Bg4 29. Bxg4 hxg4 30. Nf1 Kh5 31. Nh2 a5 32. b5 Nb8 33. Rxg4 Nd7 34. Rhg1 Nc5 35. Ngf3 Ref7 36. Rg6 Ne4+ 37. Kc2 Bf6 38. f5 Bd8 39. Nd4 Re8 40. R1g2 1-0